Queja (Record no. 197779)

MARC details
000 -LEADER
campo de control de longitud fija 00832nam a22002414a 4500
001 - NÚMERO DE CONTROL
campo de control 197779
005 - FECHA Y HORA DE LA ÚLTIMA TRANSACCIÓN
campo de control 20250803063113.0
008 - DATOS DE LONGITUD FIJA--INFORMACIÓN GENERAL
campo de control de longitud fija 250123b2024 sp ||||| |||| 00| 0 spa d
040 ## - FUENTE DE CATALOGACIÓN
Lengua de catalogación spa
Centro/agencia transcriptor ES-MaACL
100 1# - ENTRADA PRINCIPAL--NOMBRE DE PERSONA
9 (RLIN) 144130
Nombre de persona Vázquez Marín, Juana
245 ## - MENCIÓN DEL TÍTULO
Título Queja
250 ## - MENCION DE EDICION
Mención de edición Primera Edición: febrero 2024
300 ## - DESCRIPCIÓN FÍSICA
Extensión 48 páginas
Dimensiones 21 cm
336 ## - TIPO DE CONTENIDO
Fuente rdacontent
Término de tipo de contenido texto
337 ## - TIPO DE MEDIO
Fuente rdamedia
Nombre/término del tipo de medio sin mediación
338 ## - TIPO DE SOPORTE
Fuente rdacarrier
Nombre/término del tipo de soporte volumen
500 ## - NOTA GENERAL
Nota general Registro provisional. FOLL-DJ-4
852 ## - LOCALIZACIÓN
Ubicación ES-MaACL
Ubicación en estantería Depósito J
Número de control de estantería FOLL-DJ-4
Anotaciones manuscritas Dedicatoria Autógrafa de la Autora
Donativo/Legado Donación: Juana Vázquez Marín
Encuadernación Encuadernación Rustica
Nota libre En Proceso
942 ## - ELEMENTOS DE ENTRADA SECUNDARIOS (KOHA)
Fuente del sistema de clasificación o colocación Clasificación decimal universal
Tipo de ítem Koha Folleto
Suprimir en OPAC No

No items available.